[Event "Bad Soden U18 op"]
[Site "Bad Soden"]
[Date "2017.10.01"]
[Round "4"]
[White "Vogt, Johannes"]
[Black "Werndl, Jan Frederik"]
[Result "1-0"]
[WhiteElo "1511"]
[BlackElo "1341"]
[PlyCount "55"]
[EventDate "2017.09.30"]
[EventType "swiss"]
[EventRounds "9"]
[EventCountry "GER"]
[SourceTitle "EXT 2018"]
[Source "ChessBase"]
[SourceDate "2017.10.13"]
[SourceVersion "1"]
[SourceVersionDate "2017.10.13"]
[SourceQuality "1"]

1. e4 d5 2. exd5 Nf6 3. Nf3 Nxd5 4. g3 Bg4 5. Bg2 Nc6 6. d4 e5 7. dxe5 Nxe5 8. 0-0 Nxf3+ 9. Bxf3 Bxf3 10. Qxf3 Qd7 11. Re1+ Be7 12. Nc3 c6 13. Nxd5 cxd5 14. Bg5 f6 15. Bf4 0-0 16. Rad1 Rad8 17. Rd2 Bc5 18. Red1 d4 19. c3 g5 20. Be3 Qf7 21. Bxd4 Bxd4 22. Rxd4 Rxd4 23. Rxd4 Qxa2 24. Qxb7 Qb1+ 25. Kg2 h5 26. Ra4 h4 27. gxh4 gxh4 28. Rxh4 1-0

[Event "Bad Soden U18 op"]
[Site "Bad Soden"]
[Date "2017.09.30"]
[Round "2"]
[White "Vogt, Johannes"]
[Black "Gossen, Veronika"]
[Result "1-0"]
[WhiteElo "1511"]
[BlackElo "953"]
[PlyCount "29"]
[EventDate "2017.09.30"]
[EventType "swiss"]
[EventRounds "9"]
[EventCountry "GER"]
[SourceTitle "EXT 2018"]
[Source "ChessBase"]
[SourceDate "2017.10.13"]
[SourceVersion "1"]
[SourceVersionDate "2017.10.13"]
[SourceQuality "1"]

1. e4 e6 2. Nf3 d5 3. exd5 exd5 4. d4 Bg4 5. Be2 Qe7 6. 0-0 Nc6 7. Bb5 Qf6 8. Be2 0-0-0 9. Bg5 Qf5 10. Bxd8 Kxd8 11. Nc3 Bd6 12. Nh4 Qh5 13. Bxg4 Qxh4 14. g3 Nf6 15. gxh4 1-0

[Event "Wiesbaden op 29th"]
[Site "Wiesbaden"]
[Date "2017.08.27"]
[Round "6"]
[White "Policarpo, Raphael"]
[Black "Vogt, Johannes"]
[Result "1/2-1/2"]
[WhiteElo "1635"]
[BlackElo "1511"]
[PlyCount "52"]
[EventDate "2017.08.24"]
[EventType "swiss"]
[EventRounds "7"]
[EventCountry "GER"]
[SourceTitle "CBM 180 Extra"]
[Source "ChessBase"]
[SourceDate "2017.10.06"]
[SourceVersion "1"]
[SourceVersionDate "2017.10.06"]
[SourceQuality "1"]

1. e4 e5 2. Nf3 Nf6 3. Nxe5 d6 4. Nf3 Nxe4 5. d3 Nf6 6. Bg5 Be7 7. Nc3 0-0 8. Be2 Nc6 9. 0-0 Bg4 10. h3 Bh5 11. Qd2 Re8 12. Rfe1 Bg6 13. d4 d5 14. Nh4 Ne4 15. Bxe7 Qxe7 16. Nxg6 Nxd2 17. Nxe7+ Rxe7 18. Nxd5 Rd7 19. Nc3 Nxd4 20. Bf3 N2xf3+ 21. gxf3 Nxf3+ 22. Kg2 Nxe1+ 23. Rxe1 g6 24. Re4 Rad8 25. Kf3 f5 26. Re3 c6 1/2-1/2

[Event "Wiesbaden op 29th"]
[Site "Wiesbaden"]
[Date "2017.08.26"]
[Round "4"]
[White "Zeyen, Helmut"]
[Black "Vogt, Johannes"]
[Result "1-0"]
[WhiteElo "1781"]
[BlackElo "1511"]
[PlyCount "75"]
[EventDate "2017.08.24"]
[EventType "swiss"]
[EventRounds "7"]
[EventCountry "GER"]
[SourceTitle "CBM 180 Extra"]
[Source "ChessBase"]
[SourceDate "2017.10.06"]
[SourceVersion "1"]
[SourceVersionDate "2017.10.06"]
[SourceQuality "1"]

1. e4 e5 2. Nf3 Nf6 3. Nc3 Nc6 4. a3 d6 5. d3 Bg4 6. Be2 Be7 7. Be3 0-0 8. Qd2 d5 9. exd5 Nxd5 10. h3 Bxf3 11. Bxf3 Nxe3 12. fxe3 Bf6 13. Ne4 Qe7 14. Nxf6+ Qxf6 15. 0-0 Rab8 16. Qc3 Qd6 17. Bxc6 Qxc6 18. Qxc6 bxc6 19. b3 c5 20. e4 f6 21. g4 Kf7 22. Kf2 Ke6 23. Ke3 Rf7 24. h4 c6 25. a4 a5 26. Kd2 Rd7 27. Kc3 Rb4 28. Rf2 h6 29. Raf1 Rf7 30. g5 hxg5 31. hxg5 Rf8 32. gxf6 Rxf6 33. Rxf6+ gxf6 34. Rh1 c4 35. dxc4 Rb6 36. Rh8 Ra6 37. c5 Kf7 38. Rb8 1-0

[Event "Wiesbaden op 29th"]
[Site "Wiesbaden"]
[Date "2017.08.25"]
[Round "2"]
[White "Wunschik, Joachim"]
[Black "Vogt, Johannes"]
[Result "1/2-1/2"]
[WhiteElo "1762"]
[BlackElo "1511"]
[PlyCount "24"]
[EventDate "2017.08.24"]
[EventType "swiss"]
[EventRounds "7"]
[EventCountry "GER"]
[SourceTitle "CBM 180 Extra"]
[Source "ChessBase"]
[SourceDate "2017.10.06"]
[SourceVersion "1"]
[SourceVersionDate "2017.10.06"]
[SourceQuality "1"]

1. d4 d5 2. c4 e6 3. Nc3 Nf6 4. Bg5 Be7 5. e3 0-0 6. Nf3 b6 7. Bd3 dxc4 8. Bxc4 Bb7 9. 0-0 Nbd7 10. Rc1 c5 11. d5 Nxd5 12. Nxd5 Bxg5 1/2-1/2

[Event "Wiesbaden op 29th"]
[Site "Wiesbaden"]
[Date "2017.08.24"]
[Round "1"]
[White "Vogt, Johannes"]
[Black "Guertler, Karl Heinz"]
[Result "0-1"]
[WhiteElo "1511"]
[BlackElo "1912"]
[PlyCount "62"]
[EventDate "2017.08.24"]
[EventType "swiss"]
[EventRounds "7"]
[EventCountry "GER"]
[SourceTitle "CBM 180 Extra"]
[Source "ChessBase"]
[SourceDate "2017.10.06"]
[SourceVersion "1"]
[SourceVersionDate "2017.10.06"]
[SourceQuality "1"]

1. c4 d6 2. Nc3 e5 3. g3 f5 4. Bg2 Nf6 5. e3 c6 6. Nge2 Be7 7. 0-0 0-0 8. d4 Kh8 9. b3 Be6 10. d5 cxd5 11. Nxd5 Nxd5 12. Bxd5 Bxd5 13. Qxd5 Nc6 14. Nc3 e4 15. Ba3 Ne5 16. Qxb7 Bf6 17. Bb2 Nd3 18. Ba3 Bxc3 19. Rad1 Qf6 20. f3 Qh6 21. Bxd6 Qxd6 22. fxe4 Rad8 23. exf5 Qb6 24. Qe4 Rfe8 25. Qxe8+ Rxe8 26. Rxd3 Rxe3 27. Rdd1 Rd3+ 28. Kg2 Qc6+ 29. Kh3 Rxd1 30. Rxd1 h5 31. Kh4 Qf3 0-1

[Event "SVR-op"]
[Site "Trier"]
[Date "2016.03.26"]
[Round "7"]
[White "Vogt, Johannes"]
[Black "Felten, Maximilian"]
[Result "0-1"]
[WhiteElo "1158"]
[BlackElo "1242"]
[PlyCount "128"]
[EventDate "2016.03.19"]
[EventType "swiss"]
[EventRounds "7"]
[EventCountry "GER"]
[SourceTitle "CBM 171 Extra"]
[Source "ChessBase"]
[SourceDate "2016.04.26"]
[SourceVersion "1"]
[SourceVersionDate "2016.04.26"]
[SourceQuality "1"]

1. e4 e6 2. Nf3 d5 3. exd5 exd5 4. d4 Bd6 5. Nc3 c6 6. Bd3 Nf6 7. 0-0 0-0 8. Bg5 h6 9. Bh4 Be6 10. Bg3 Bxg3 11. fxg3 Nbd7 12. h3 Qc7 13. Qe1 Rfe8 14. Qf2 Rad8 15. Rfe1 Qb6 16. Rab1 Qc7 17. g4 Nh7 18. Bxh7+ Kxh7 19. g5 Rg8 20. gxh6 gxh6 21. Kh1 Qg3 22. Qxg3 Rxg3 23. Kh2 Rdg8 24. Rg1 Bxh3 25. gxh3 Rxf3 26. Rxg8 Kxg8 27. Rg1+ Kf8 28. Rg3 Rf2+ 29. Rg2 Rxg2+ 30. Kxg2 Kg7 31. Kf3 Kg6 32. Kf4 Kf6 33. Ne2 Nf8 34. Kg4 Ne6 35. c3 Kg6 36. Ng1 f5+ 37. Kg3 Kg5 38. Nf3+ Kf6 39. Ne5 Ng5 40. Nd7+ Ke7 41. Ne5 Nf7 42. Kf4 Nd6 43. Ng6+ Kf6 44. Nh4 a6 45. b3 h5 46. c4 dxc4 47. bxc4 Nxc4 48. Nxf5 Nb2 49. Ke4 Nc4 50. Kf4 Nb2 51. Ke4 Nd1 52. Kf4 Nf2 53. h4 Nh3+ 54. Ke4 Nf2+ 55. Kf4 Nd3+ 56. Ke4 Nf2+ 57. Kf4 b6 58. Nd6 c5 59. dxc5 bxc5 60. a4 Nd3+ 61. Ke3 Ke6 62. Ne4 c4 63. Ng5+ Kd5 64. Nf3 Kc5 0-1

[Event "SVR-op"]
[Site "Trier"]
[Date "2016.03.24"]
[Round "4"]
[White "Dreher, Heini"]
[Black "Vogt, Johannes"]
[Result "1-0"]
[WhiteElo "1580"]
[BlackElo "1158"]
[PlyCount "46"]
[EventDate "2016.03.19"]
[EventType "swiss"]
[EventRounds "7"]
[EventCountry "GER"]
[SourceTitle "CBM 171 Extra"]
[Source "ChessBase"]
[SourceDate "2016.04.26"]
[SourceVersion "1"]
[SourceVersionDate "2016.04.26"]
[SourceQuality "1"]

1. e4 c5 2. Nf3 d6 3. h3 a6 4. d3 g6 5. Be3 Bg7 6. c3 Nc6 7. Qd2 Bd7 8. Be2 e6 9. 0-0 Nge7 10. Na3 0-0 11. Nh2 Ne5 12. f4 N5c6 13. Rab1 f5 14. Bf3 Re8 15. b4 b6 16. b5 axb5 17. Nxb5 Bc8 18. d4 Bb7 19. d5 fxe4 20. dxc6 Nxc6 21. Bxe4 d5 22. Bf3 Qd7 23. a4 Na7 1-0

[Event "SVR-op"]
[Site "Trier"]
[Date "2016.03.19"]
[Round "1"]
[White "Vogt, Johannes"]
[Black "Harneit Sequeira, Christian"]
[Result "0-1"]
[WhiteElo "1158"]
[BlackElo "1708"]
[PlyCount "90"]
[EventDate "2016.03.19"]
[EventType "swiss"]
[EventRounds "7"]
[EventCountry "GER"]
[SourceTitle "CBM 171 Extra"]
[Source "ChessBase"]
[SourceDate "2016.04.26"]
[SourceVersion "1"]
[SourceVersionDate "2016.04.26"]
[SourceQuality "1"]

1. e4 c5 2. Nf3 Nc6 3. d4 cxd4 4. Nxd4 e6 5. Nxc6 bxc6 6. Nc3 Bb4 7. Bd2 Ne7 8. Bd3 Ng6 9. 0-0 0-0 10. a3 Be7 11. Na2 d5 12. Bb4 c5 13. Bc3 d4 14. Bd2 e5 15. c3 Rb8 16. Rb1 Be6 17. c4 Qd7 18. f3 f5 19. exf5 Bxf5 20. Qc2 Bxd3 21. Qxd3 Bd6 22. b4 Qc7 23. b5 Qf7 24. a4 Nf4 25. Bxf4 Qxf4 26. Qe4 Qh6 27. a5 Rf6 28. b6 axb6 29. axb6 Rg6 30. Qf5 e4 31. h3 Qe3+ 32. Kh1 Qe2 33. Rg1 Qxa2 34. b7 Qa6 35. Qxe4 Qxc4 36. Qc6 Qf7 37. Qc8+ Qf8 38. Qxf8+ Kxf8 39. Rb6 Re6 40. Ra1 d3 41. g4 d2 42. Rbb1 c4 43. Rd1 c3 44. Kg2 Rxb7 45. Kf2 Rbe7 0-1

[Event "SVR op"]
[Site "Nickenich"]
[Date "2015.04.02"]
[Round "4"]
[White "Suwani, Dyako"]
[Black "Vogt, Johannes"]
[Result "0-1"]
[WhiteElo "842"]
[BlackElo "827"]
[PlyCount "50"]
[EventDate "2015.03.28"]
[EventType "swiss"]
[EventRounds "7"]
[EventCountry "GER"]
[SourceTitle "EXT 2016"]
[Source "ChessBase"]
[SourceDate "2015.10.08"]
[SourceVersion "1"]
[SourceVersionDate "2015.10.08"]
[SourceQuality "1"]

1. e4 e5 2. Nf3 Nf6 3. Nc3 Bb4 4. Bc4 Bxc3 5. dxc3 0-0 6. 0-0 Nc6 7. Re1 d6 8. Bg5 h6 9. Bd2 Nh5 10. Qc1 Bg4 11. Bxh6 gxh6 12. Qxh6 Qf6 13. Qxf6 Nxf6 14. Ng5 Bh5 15. Re3 Bg6 16. Rae1 Na5 17. Bd5 c6 18. Bb3 b5 19. a4 Nxb3 20. cxb3 Rab8 21. Rg3 bxa4 22. b4 Rbd8 23. Ra1 d5 24. exd5 Rxd5 25. Rxa4 Rd1# 0-1